Vista normal
Vista MARC
Entrada Personal Name
Número de registros utilizados en: 1
001 - CONTROL NUMBER
- control field: 8156
003 - CONTROL NUMBER IDENTIFIER
- control field: DLC
005 - DATE AND TIME OF LATEST TRANSACTION
- control field: 20180924152444.0
008 - FIXED-LENGTH DATA ELEMENTS
- fixed length control field: 840705n| azannaab |a aaa
010 ## - LIBRARY OF CONGRESS CONTROL NUMBER
- LC control number: n 84074151
- Canceled/invalid LC control number: n 85824438
040 ## - CATALOGING SOURCE
- Original cataloging agency: DLC
- Transcribing agency: Mx-PuUPA
- Modifying agency: DLC
- Modifying agency: Mx-PuUPA
- Description conventions: rda
046 ## - SPECIAL CODED DATES
- Birth date: 1941
- Source of date scheme: edtf
100 1# - HEADING--PERSONAL NAME
- Personal name: Deas, Malcolm D.,
- Dates associated with a name: 1941-
370 ## - ASSOCIATED PLACE
- Place of birth: Charminster (England)
370 ## - ASSOCIATED PLACE
- Place of residence/headquarters: Oxford (England)
370 ## - ASSOCIATED PLACE
- Place of residence/headquarters: Bogotá (Colombia)
- Source of term: naf
372 ## - FIELD OF ACTIVITY
- Field of activity: Modern history
373 ## - ASSOCIATED GROUP
- Associated group: All Souls College (University of Oxford)
- Source of term: naf
373 ## - ASSOCIATED GROUP
- Associated group: St. Antony's College (University of Oxford), Latin American Centre
373 ## - ASSOCIATED GROUP
- Associated group: Academia Colombiana de Historia
- Source of term: naf
374 ## - OCCUPATION
- Occupation: Professor
- Occupation: Historian
375 ## - GENDER
- Gender: hombre
377 ## - ASSOCIATED LANGUAGE
- Language code: spa
400 1# - SEE FROM TRACING--PERSONAL NAME
- Personal name: Deas, Malcom D.,
- Dates associated with a name: 1941-
400 1# - SEE FROM TRACING--PERSONAL NAME
- Personal name: Deas, M. D.
- Fuller form of name: (Malcolm D.),
- Dates associated with a name: 1941-
670 ## - SOURCE DATA FOUND
- Source citation: Alfaro, E. Narraciones históricas, 1983:
- Information found: t.p. (Malcom [sic] D. Deas) p. 10 (Malcolm D. Deas, b. Dorset, England, 1941; professor, Oxford University; editor, Cambridge University Press)
670 ## - SOURCE DATA FOUND
- Source citation: nuc90-24187: His Pobreza, guerra civil y política [MI] 1980?
- Information found: (hdg. on NN rept.: Deas, Malcolm, 1941- ; usage: Malcolm Deas)
670 ## - SOURCE DATA FOUND
- Source citation: nuc85-71644: Europeans in Latin America ... 1980
- Information found: (hdg. on LNT rept.: Deas, M. D.; usage: M.D. Deas)
670 ## - SOURCE DATA FOUND
- Source citation: Intercambios violentos y dos ensayos más sobre el conflicto en Colombia, 2015:
- Information found: title page (Malcolm Deas) cover front flap (born 1941 in Charminster, Dorset, England; studied modern history at Oxford University; fellow at All Souls College (1962); became affiliated with St. Antony's College in 1966, where he was one of the founders of the Center of Latin American Studies, Oxford University; author of several works including Del poder y la gramática (1993); lives in Oxford and Bogotá; miembro correspondiente of the Academia Colombiana de Historia)
670 ## - SOURCE DATA FOUND
- Source citation: Biblioteca del congreso (Estados Unidos), 24 septiembre 2018:
- Information found: catálogo electrónico
- Uniform Resource Identifier: https://goo.gl/9u1Trh